[Event "Bresso op 6th"]
[Site "Bresso"]
[Date "2007.06.17"]
[Round "6"]
[White "Brighenti, Alessandro"]
[Black "Maremonti, Marco"]
[Result "1-0"]
[WhiteElo "1597"]
[BlackElo "1440"]
[PlyCount "73"]
[EventDate "2007.06.14"]
[EventType "swiss"]
[EventRounds "6"]
[EventCountry "ITA"]
[SourceTitle "EXT 2010"]
[Source "ChessBase"]
[SourceDate "2010.11.25"]
[SourceVersion "1"]
[SourceVersionDate "2010.11.25"]
[SourceQuality "1"]

1. e4 c6 2. d4 d5 3. Nc3 dxe4 4. Nxe4 Bf5 5. Ng3 Bg6 6. h4 h6 7. Nf3 Nd7 8. h5 Bh7 9. Bd3 Bxd3 10. Qxd3 Ngf6 11. Bf4 Nd5 12. Bd2 e6 13. 0-0-0 Nb4 14. Qb3 Qb6 15. c4 Na6 16. Qxb6 Nxb6 17. c5 Nd5 18. Ne5 Be7 19. f4 0-0 20. Rdf1 Bf6 21. Ne4 Bxe5 22. fxe5 b6 23. g4 bxc5 24. dxc5 Nab4 25. Kb1 Nd3 26. g5 hxg5 27. h6 Nxe5 28. h7+ Kh8 29. Nxg5 Nf6 30. Rh4 Ned7 31. Bf4 e5 32. Bd2 a5 33. Bc3 Nxc5 34. Bxe5 Ncd7 35. Bd6 c5 36. Re1 Rae8 37. Rxe8 1-0

[Event "Bresso op 6th"]
[Site "Bresso"]
[Date "2007.06.17"]
[Round "5"]
[White "Madaschi, Sergio"]
[Black "Maremonti, Marco"]
[Result "1-0"]
[WhiteElo "1511"]
[BlackElo "1440"]
[PlyCount "91"]
[EventDate "2007.06.14"]
[EventType "swiss"]
[EventRounds "6"]
[EventCountry "ITA"]
[SourceTitle "EXT 2010"]
[Source "ChessBase"]
[SourceDate "2010.11.25"]
[SourceVersion "1"]
[SourceVersionDate "2010.11.25"]
[SourceQuality "1"]

1. e4 c6 2. d4 d5 3. Nc3 dxe4 4. Nxe4 Bf5 5. Ng3 Bg6 6. Nf3 Nd7 7. Bc4 e6 8. 0-0 Ngf6 9. Re1 h6 10. h3 Be7 11. Bd3 Bxd3 12. Qxd3 0-0 13. c4 Rc8 14. Bf4 Nb6 15. b3 Bd6 16. Bxd6 Qxd6 17. c5 Qc7 18. cxb6 Qxb6 19. Ne4 Nd5 20. Qd2 Rfd8 21. Rac1 Qb4 22. Qxb4 Nxb4 23. Re2 Nd3 24. Rd1 Nf4 25. Red2 Nd5 26. a3 a5 27. Rc1 f6 28. Nc5 b6 29. Ne4 Nf4 30. Kf1 Nd5 31. Rdc2 Ne7 32. Ned2 b5 33. a4 Rd5 34. Rc5 Kf7 35. axb5 Rxc5 36. Rxc5 cxb5 37. Rxb5 Ra8 38. Nc4 a4 39. bxa4 Rxa4 40. Nd6+ Kg6 41. Rb1 Nd5 42. Re1 Ra6 43. Ne4 Nf4 44. Nc5 Ra3 45. Nxe6 Nd3 46. Rd1 1-0

[Event "Bresso op 6th"]
[Site "Bresso"]
[Date "2007.06.16"]
[Round "4"]
[White "Maremonti, Marco"]
[Black "Nava, Mario"]
[Result "1-0"]
[WhiteElo "1440"]
[BlackElo "1431"]
[PlyCount "83"]
[EventDate "2007.06.14"]
[EventType "swiss"]
[EventRounds "6"]
[EventCountry "ITA"]
[SourceTitle "EXT 2010"]
[Source "ChessBase"]
[SourceDate "2010.11.25"]
[SourceVersion "1"]
[SourceVersionDate "2010.11.25"]
[SourceQuality "1"]

1. d4 d5 2. c4 dxc4 3. e4 c5 4. d5 Nf6 5. Nc3 Bg4 6. Be2 Bc8 7. Bxc4 e5 8. Nf3 Bd6 9. 0-0 Bd7 10. Bg5 h6 11. Bh4 a6 12. a4 Bg4 13. Be2 Qe7 14. h3 Bd7 15. Nh2 Qd8 16. Bg4 Bxg4 17. Nxg4 Nbd7 18. Nxf6+ Nxf6 19. Qf3 g5 20. Bg3 Qe7 21. Nd1 Nh7 22. Ne3 0-0-0 23. Nf5 Qf6 24. Rfc1 Rd7 25. b4 Rc7 26. Nxd6+ Qxd6 27. bxc5 Qf6 28. Qxf6 Nxf6 29. Bxe5 Re7 30. Bxf6 Rxe4 31. Bxh8 Re8 32. Bf6 Rg8 33. Re1 Kb8 34. d6 Rg6 35. Re8+ Ka7 36. Bd4 Re6 37. c6+ b6 38. Re7+ Rxe7 39. dxe7 a5 40. e8Q f5 41. Qd7+ Ka6 42. Qb7# 1-0